000 00302nam a22001337a 4500
008 171003b xxu||||| |||| 00| 0 eng d
020 _a9780805839548
041 _aeng
080 _a159.9
100 _a48
101 _aPSI
245 _aTHE TEACHING OF PSYCHOLOGY
_cBREWER.CH.L
942 _2udc
_cBK
999 _c31434
_d31434